Statistiques concernant Nommez 34 fruits célèbres au singulier - Quiz fruits

Cliquez ici pour prendre le quiz!

Statistiques générales

  • Ce quiz a été pris 334 fois
  • Le résultat moyen est 19 sur 34

Statistiques - réponses

HintRéponse% Correct
BBanane
95%
Fraise
92%
Framboise
90%
Pomme
89%
Poire
88%
KKiwi
86%
Ananas
82%
OOrange
82%
AAbricot
80%
Mangue
70%
Cerise
68%
TTomate
68%
Pêche
67%
MMandarine
62%
GGrenade
60%
Melon
59%
RRaisin
59%
LLitchi
55%
CCitron
54%
DDatte
52%
Prune
52%
Groseille
49%
Mûre
48%
FFigue
45%
Goyave
41%
PPamplemousse
39%
Pamplemousse
39%
Papaye
34%
Fruit de la passion
32%
Avocat
30%
NNectarine
26%
Pomélo
9%
Citron vert
6%
Rose Musquée
0%

Distribution des résultats

Percentile par nombre de réponses

% des personnes avec chaque résultat

Votre développement - résultats

Vous n’avez pas pris ce quiz